Loading...
| Current Events | 3 | 20.00 | 100% | 100% | 0% |
| Fine Arts - Classical Music | 3 | 20.00 | 100% | 67% | 33% |
| Fine Arts - Other | 6 | 18.33 | 100% | 83% | 0% |
| Fine Arts - Painting and Sculpture | 3 | 13.33 | 67% | 67% | 0% |
| Geography | 3 | 20.00 | 100% | 67% | 33% |
| History - American | 4 | 12.50 | 100% | 25% | 0% |
| History - European | 5 | 20.00 | 100% | 60% | 40% |
| History - Other | 5 | 16.00 | 100% | 60% | 0% |
| History - World | 9 | 21.11 | 100% | 78% | 33% |
| Literature - Drama | 5 | 26.00 | 100% | 100% | 60% |
| Literature - Long Fiction | 8 | 18.75 | 100% | 75% | 13% |
| Literature - Misc | 2 | 20.00 | 100% | 100% | 0% |
| Literature - Poetry | 9 | 17.78 | 100% | 78% | 0% |
| Literature - Short Fiction | 1 | 20.00 | 100% | 100% | 0% |
| Mythology | 4 | 20.00 | 100% | 100% | 0% |
| Other Academic | 5 | 12.00 | 80% | 40% | 0% |
| Philosophy | 4 | 17.50 | 100% | 75% | 0% |
| Religion | 5 | 10.00 | 100% | 0% | 0% |
| Science - Biology | 5 | 20.00 | 100% | 80% | 20% |
| Science - Chemistry | 3 | 16.67 | 100% | 67% | 0% |
| Science - Other | 4 | 15.00 | 100% | 50% | 0% |
| Science - Physics | 4 | 15.00 | 100% | 50% | 0% |
| Short Fiction and Other | 3 | 20.00 | 100% | 67% | 33% |
| Social Science | 11 | 16.36 | 100% | 55% | 9% |